[Event "POL-chT 52nd"]
[Site "Augustow"]
[Date "1996.11.27"]
[Round "1"]
[White "Gralka, Przemyslaw"]
[Black "Spisak, Czeslaw"]
[Result "1/2-1/2"]
[WhiteElo "2285"]
[BlackElo "2345"]
[PlyCount "207"]
[EventDate "1996.11.27"]
[EventType "team-tourn"]
[EventRounds "11"]
[EventCountry "POL"]
[SourceTitle "EXT 2019"]
[Source "ChessBase"]
[SourceDate "2018.10.10"]
[SourceVersion "1"]
[SourceVersionDate "2018.10.10"]
[SourceQuality "1"]
[WhiteTeam "Bydgoszcz Chemik"]
[BlackTeam "Bielsko-Biala Wlokniarz"]
[WhiteTeamCountry "POL"]
[BlackTeamCountry "POL"]

1. d4 g6 2. Nf3 Nf6 3. Bf4 Bg7 4. Qc1 h6 5. h3 c5 6. c3 b6 7. e3 Bb7 8. Nbd2 d6 9. Be2 Nbd7 10. Bh2 0-0 11. 0-0 Re8 12. Rd1 Nf8 13. a4 g5 14. a5 Qd7 15. b4 cxb4 16. cxb4 Rec8 17. Qb1 bxa5 18. Rxa5 Nd5 19. Bb5 Qd8 20. Qb3 Nc3 21. Rda1 Nxb5 22. Rxb5 Qc7 23. Rc5 Qd7 24. Rca5 Qc7 25. Qd3 a6 26. Bg3 Rab8 27. h4 g4 28. Nh2 Qc6 29. Qf1 Qc3 30. Qd1 Qxb4 31. Nxg4 Rc3 32. Nf3 Rbc8 33. Rh5 Qb2 34. Kh2 Rc1 35. Rxc1 Rxc1 36. Qd3 Qb1 37. Qxb1 Rxb1 38. Bf4 Bxf3 39. gxf3 Ng6 40. Bxh6 Bh8 41. Ra5 Rb5 42. Rxa6 Rh5 43. Kg3 Nxh4 44. Ra8+ Kh7 45. Bf8 Ng6 46. f4 f5 47. Nh2 Bf6 48. Nf3 Nxf8 49. Rxf8 Kg7 50. Ra8 Rh1 51. Kg2 Rd1 52. Ra5 Kg6 53. Ng1 Rd2 54. Kf3 Bh4 55. Ne2 Kf6 56. Ra1 Kf7 57. Rh1 Bf6 58. Ng3 e6 59. Rh7+ Kg6 60. Rd7 d5 61. Ne2 Bh4 62. Rb7 Rd1 63. Rb2 Rf1 64. Nc3 Rc1 65. Na4 Be7 66. Nb6 Rc7 67. Ra2 Kf7 68. Kg3 Rb7 69. Ra6 Rc7 70. Na4 Rc2 71. Rb6 Rc4 72. Nb2 Rb4 73. Rxb4 Bxb4 74. Nd3 Bd2 75. Kf3 Kf6 76. Ke2 Bc3 77. Kd1 Ba5 78. Kc2 Ke7 79. Kb3 Kd6 80. Ka4 Bd2 81. Kb5 Bc3 82. Kb6 Bd2 83. Kb5 Bc3 84. Ka4 Bd2 85. Kb3 Ba5 86. Kc2 Ke7 87. f3 Kd6 88. Nc5 Bb4 89. Nb3 Be1 90. Kd3 Bg3 91. Nd2 Bf2 92. e4 Be1 93. Nf1 Bf2 94. e5+ Kc6 95. Nd2 Be1 96. Nb3 Kd7 97. Nc5+ Ke7 98. Kc2 Bb4 99. Nd3 Ba5 100. Kb3 Bb6 101. Nb4 Kd7 102. Nc2 Ba5 103. Nb4 Bd8 104. Kc3 1/2-1/2